000 00245nam a2200109Ia 4500
008 220204s9999 xx 000 0 und d
082 _a82-3
_bSMI
100 _aSmith, Wilbur
245 0 _aCry wolf
260 _aNew York
_bDell
_c1978
942 _cBK
999 _c33512
_d33512